[Event "Warsaw Najdorf Memorial op-A 22nd"]
[Site "Warsaw"]
[Date "2025.07.14"]
[Round "7"]
[White "Barchuk, Irina"]
[Black "Chomczyk, Marek"]
[Result "1/2-1/2"]
[WhiteElo "2084"]
[BlackElo "2280"]
[PlyCount "234"]
[EventDate "2025.07.08"]
[EventType "swiss"]
[EventRounds "9"]
[EventCountry "POL"]
[SourceTitle "CB29_2025"]
[SourceDate "2025.07.16"]
[SourceVersion "1"]
[SourceVersionDate "2025.07.16"]
[SourceQuality "1"]

1. d4 Nf6 2. Bf4 c5 3. dxc5 e6 4. Bd6 Bxd6 5. Qxd6 Na6 6. c3 Qe7 7. Qxe7+ Kxe7 8. b4 b6 9. cxb6 axb6 10. e3 d5 11. Nf3 Bd7 12. Ne5 Ba4 13. f3 Rhc8 14. b5 Nc7 15. Na3 Nd7 16. Nc6+ Kf6 17. Nd4 e5 18. Ndc2 Ne8 19. Nb4 Rc5 20. e4 Nc7 21. c4 dxc4 22. Bxc4 Bxb5 23. Bxb5 Nxb5 24. Nxb5 Rxb5 25. Nd5+ Kg6 26. 0-0 Rb2 27. Ne7+ Kg5 28. Rfd1 Nc5 29. a3 h5 30. Nf5 g6 31. Nd6 Kf6 32. Nc4 Rb3 33. Rd6+ Ne6 34. Rxb6 Rc3 35. Rb4 Rc8 36. Nb6 Rc1+ 37. Rxc1 Rxc1+ 38. Kf2 Rc2+ 39. Kf1 Rc1+ 40. Kf2 Rc2+ 41. Kf1 Nf4 42. Nd5+ Kg5 43. Nxf4 Kxf4 44. a4 Ra2 45. Rb7 h4 46. g3+ Kxf3 47. Rxf7+ Kxe4 48. gxh4 Rxh2 49. Rf6 Rxh4 50. Rxg6 Kf3 51. Rf6+ Ke3 52. a5 Ra4 53. a6 e4 54. Rb6 Ra3 55. Kg2 Kd3 56. Rd6+ Ke2 57. Rb6 Ra2 58. Rd6 e3 59. Kg3 Ke1 60. Re6 e2 61. Kg2 Ra5 62. Rb6 Rg5+ 63. Kh2 Rf5 64. Kg2 Rg5+ 65. Kh2 Rg7 66. Rb7 Kd2 67. Rxg7 e1Q 68. a7 Qa1 69. Rd7+ Ke3 70. Re7+ Kf4 71. Rf7+ Kg5 72. Rg7+ Kf6 73. Rd7 Qa3 74. Rc7 Qf3 75. Rd7 Ke5 76. Re7+ Kd4 77. Kg1 Kc5 78. Kh2 Kd6 79. Rf7 Qh5+ 80. Kg1 Qg6+ 81. Kh2 Qg8 82. Kh1 Ke6 83. Rc7 Kf5 84. Rc5+ Kf4 85. Rc4+ Ke3 86. Rc3+ Kd2 87. Rc7 Qd5+ 88. Kg1 Qa2 89. Rd7+ Ke3 90. Re7+ Kf4 91. Rf7+ Ke5 92. Re7+ Kf6 93. Rc7 Qd5 94. Kh2 Qf3 95. Kg1 Qe4 96. Kh2 Kg5 97. Rc5+ Kh6 98. Rc7 Qf3 99. Kg1 Qe4 100. Kh2 Qd5 101. Kg1 Kg5 102. Rg7+ Kf4 103. Rf7+ Ke5 104. Re7+ Kf6 105. Rc7 Ke5 106. Re7+ Kd6 107. Rf7 Qe4 108. Kh2 Qa8 109. Kg1 Qg8+ 110. Kh2 Ke5 111. Kh1 Ke4 112. Kh2 Ke3 113. Kh1 Qh8+ 114. Kg1 Qa1+ 115. Kh2 Qb2+ 116. Kg1 Qa2 117. Re7+ Kf4 1/2-1/2

[Event "Warsaw Najdorf Memorial op-A 22nd"]
[Site "Warsaw"]
[Date "2025.07.12"]
[Round "5"]
[White "Barchuk, Irina"]
[Black "Taranowicz, Michal"]
[Result "1-0"]
[WhiteElo "2084"]
[BlackElo "2165"]
[PlyCount "91"]
[EventDate "2025.07.08"]
[EventType "swiss"]
[EventRounds "9"]
[EventCountry "POL"]
[SourceTitle "CB29_2025"]
[SourceDate "2025.07.16"]
[SourceVersion "1"]
[SourceVersionDate "2025.07.16"]
[SourceQuality "1"]

1. d4 g6 2. c4 Bg7 3. Nc3 d6 4. e4 e5 5. Nf3 exd4 6. Nxd4 Ne7 7. Bg5 h6 8. Be3 Nbc6 9. Qd2 b6 10. Be2 Bb7 11. h3 Qd7 12. Bg4 Qd8 13. 0-0 Ne5 14. Be2 g5 15. Nd5 Nxd5 16. cxd5 Bc8 17. Rac1 a6 18. Nc6 Nxc6 19. Rxc6 Bd7 20. Rc4 Bb5 21. Rc2 Bxe2 22. Qxe2 0-0 23. Qg4 Qe7 24. h4 Rae8 25. hxg5 hxg5 26. b3 Qxe4 27. Qxe4 Rxe4 28. Rxc7 Bd4 29. Rc4 Rxe3 30. fxe3 Bxe3+ 31. Kh2 Kg7 32. g3 a5 33. Rc7 Kg6 34. Re1 Bc5 35. Kg2 a4 36. bxa4 Ra8 37. Re4 Kf5 38. Rce7 b5 39. axb5 Rxa2+ 40. Re2 Ra1 41. Rxf7+ Kg6 42. Rf1 Ra5 43. Rb1 Bb6 44. Re6+ Kh5 45. Rxd6 Bc7 46. Ra6 1-0

[Event "POL-chT Ekstraliga"]
[Site "Chotowa"]
[Date "2025.06.10"]
[Round "9.6"]
[White "Barchuk, Irina"]
[Black "Antolak, Julia"]
[Result "0-1"]
[WhiteElo "2076"]
[BlackElo "2279"]
[PlyCount "112"]
[EventDate "2025.06.02"]
[EventType "team-tourn"]
[EventRounds "9"]
[EventCountry "POL"]
[SourceTitle "CB24_2025"]
[SourceDate "2025.06.11"]
[SourceVersion "1"]
[SourceVersionDate "2025.06.11"]
[SourceQuality "1"]
[WhiteTeam "Chylice Laura"]
[BlackTeam "Gliwice Akademia Szachowa"]
[WhiteTeamCountry "POL"]
[BlackTeamCountry "POL"]

1. e4 c5 2. d3 e6 3. g3 d5 4. Qe2 Nc6 5. c3 Be7 6. f4 c4 7. dxc4 dxe4 8. Qxe4 Nf6 9. Qe2 e5 10. fxe5 Ng4 11. h3 Ngxe5 12. Nf3 Nxf3+ 13. Qxf3 0-0 14. Be2 Re8 15. Be3 Bg5 16. Bxg5 Qxg5 17. Qf4 Qc5 18. Nd2 Bf5 19. Qf2 Qe5 20. Kf1 Rad8 21. Nf3 Qf6 22. Rh2 Qh6 23. Kg1 Re3 24. g4 Bd3 25. Re1 Qf4 26. Nd4 Qxf2+ 27. Rxf2 Rde8 28. Nxc6 bxc6 29. Bxd3 Rxe1+ 30. Kg2 g6 31. c5 Kg7 32. Bc4 R8e7 33. b4 R1e4 34. Ba6 Re3 35. Rc2 h5 36. gxh5 g5 37. a4 f5 38. b5 cxb5 39. axb5 Re2+ 40. Rxe2 Rxe2+ 41. Kf1 Rc2 42. c4 Rxc4 43. b6 Rc1+ 44. Ke2 axb6 45. cxb6 Rb1 46. b7 Kh6 47. Kd3 f4 48. Kc4 f3 49. Bb5 f2 50. b8Q f1Q+ 51. Kd4 Qf6+ 52. Ke3 Rb3+ 53. Ke4 Rb4+ 54. Kd3 Qd4+ 55. Ke2 Rb2+ 56. Kf3 Rf2+ 0-1

[Event "Katowice rapid op"]
[Site "Katowice"]
[Date "2025.06.02"]
[Round "5"]
[White "Barchuk, Irina"]
[Black "Warchol, Kamil"]
[Result "0-1"]
[WhiteElo "2014"]
[BlackElo "2194"]
[PlyCount "94"]
[EventDate "2025.05.31"]
[EventType "swiss"]
[EventRounds "11"]
[EventCountry "POL"]
[SourceTitle "CB24_2025"]
[SourceDate "2025.06.11"]
[SourceVersion "1"]
[SourceVersionDate "2025.06.11"]
[SourceQuality "1"]

1. e4 c5 2. Nf3 d6 3. d4 cxd4 4. Nxd4 Nf6 5. Nc3 Nc6 6. Bb5 Bd7 7. Be3 e5 8. Nb3 h6 9. Be2 Be7 10. f4 0-0 11. f5 a6 12. Qd2 b5 13. a3 Rc8 14. 0-0 Nb8 15. Bf3 Bc6 16. g4 Nh7 17. Rad1 Nd7 18. Bg2 Nb6 19. Qe2 Nc4 20. Bc1 Bg5 21. Bxg5 Qxg5 22. Rb1 Nf6 23. h3 Qe3+ 24. Rf2 Ba8 25. Nd5 Bxd5 26. exd5 Qb6 27. Nd2 Ne3 28. Ne4 Nfxd5 29. f6 Nf4 30. Qf3 Nexg2 31. fxg7 Rxc2 32. gxf8Q+ Kxf8 33. Kh2 Rxf2 34. Qxf2 Qc6 35. Qd2 Qxe4 36. Qxd6+ Kg7 37. Rd1 Nh4 38. Rd2 Nf3+ 39. Kg3 Nxd2 40. Qxd2 Qd3+ 41. Qxd3 Nxd3 42. b4 f5 43. gxf5 Kf6 44. Kf3 Kxf5 45. Ke3 e4 46. h4 h5 47. Kd4 Kf4 0-1

[Event "Katowice rapid op"]
[Site "Katowice"]
[Date "2025.05.31"]
[Round "1"]
[White "Barchuk, Irina"]
[Black "Kasprzyszyn, Karolina"]
[Result "1-0"]
[WhiteElo "2014"]
[BlackElo "1575"]
[PlyCount "107"]
[EventDate "2025.05.31"]
[EventType "swiss"]
[EventRounds "11"]
[EventCountry "POL"]
[SourceTitle "CB24_2025"]
[SourceDate "2025.06.11"]
[SourceVersion "1"]
[SourceVersionDate "2025.06.11"]
[SourceQuality "1"]

1. e4 c5 2. Nf3 Nc6 3. c3 Nf6 4. e5 Nd5 5. d4 cxd4 6. cxd4 g6 7. Nc3 Nxc3 8. bxc3 Bg7 9. Bf4 0-0 10. Qd2 a6 11. Bd3 b5 12. Bh6 Bb7 13. h4 d6 14. h5 dxe5 15. hxg6 fxg6 16. Bxg7 Kxg7 17. Qh6+ Kf7 18. Qxh7+ Ke8 19. Qxg6+ Kd7 20. d5 Kc7 21. dxc6 Bxc6 22. Nxe5 Bb7 23. Qg3 Qd6 24. Rh6 Rf6 25. Rxf6 exf6 26. Nf3 Re8+ 27. Kd2 Re6 28. Qxd6+ Rxd6 29. Re1 Bd5 30. a3 Bc4 31. Nd4 Bd5 32. Re7+ Kb6 33. f3 Bc4 34. Bxc4 bxc4 35. Re6 Rxe6 36. Nxe6 Kc6 37. Ke3 Kd6 38. Nf4 f5 39. Kd4 a5 40. Kxc4 Kc6 41. a4 Kb6 42. Kd5 Kc7 43. Ke5 Kd7 44. Kxf5 Ke7 45. c4 Kd7 46. g4 Ke7 47. g5 Kf7 48. c5 Ke7 49. g6 Ke8 50. c6 Kf8 51. c7 Kg7 52. Ne6+ Kh6 53. c8Q Kh5 54. Qh8# 1-0

[Event "Katowice rapid op"]
[Site "Katowice"]
[Date "2025.05.31"]
[Round "4"]
[White "Nowakowski, Sebastian"]
[Black "Barchuk, Irina"]
[Result "0-1"]
[WhiteElo "1812"]
[BlackElo "2014"]
[PlyCount "50"]
[EventDate "2025.05.31"]
[EventType "swiss"]
[EventRounds "11"]
[EventCountry "POL"]
[SourceTitle "CB24_2025"]
[SourceDate "2025.06.11"]
[SourceVersion "1"]
[SourceVersionDate "2025.06.11"]
[SourceQuality "1"]

1. e4 c5 2. d4 cxd4 3. c3 Nf6 4. e5 Nd5 5. cxd4 d6 6. exd6 Qxd6 7. Nf3 Nc6 8. Be2 g6 9. Nc3 Bg7 10. Nxd5 Qxd5 11. Be3 0-0 12. 0-0 Rd8 13. Qa4 Nxd4 14. Nxd4 Bxd4 15. Rfd1 e5 16. Bc4 Qc6 17. Qb3 Be6 18. Bxe6 Qxe6 19. Qxb7 Rab8 20. Qc7 Rdc8 21. Qa5 Bxe3 22. fxe3 Rxb2 23. Rd2 Rcc2 24. Rxc2 Rxc2 25. Qxa7 Qd5 0-1

[Event "POL-chT 1st League"]
[Site "Darlowo"]
[Date "2024.09.21"]
[Round "8.24"]
[White "Barchuk, Irina"]
[Black "Poznanska, Katarzyna"]
[Result "1-0"]
[WhiteElo "2107"]
[BlackElo "1988"]
[PlyCount "71"]
[EventDate "2024.09.14"]
[EventType "team-swiss"]
[EventRounds "9"]
[EventCountry "POL"]
[SourceTitle "EXT 2025"]
[Source "ChessBase"]
[SourceDate "2024.10.14"]
[SourceVersion "1"]
[SourceVersionDate "2024.10.14"]
[SourceQuality "1"]

1. d4 Nf6 2. c4 g6 3. Nc3 Bg7 4. e4 d6 5. f4 0-0 6. Nf3 c5 7. d5 a6 8. Bd3 b5 9. e5 dxe5 10. fxe5 Ng4 11. Qe2 Nd7 12. Bf4 Nb6 13. b3 Nh6 14. 0-0 bxc4 15. bxc4 Bf5 16. Ne4 Rc8 17. Rab1 Bxe4 18. Qxe4 Nf5 19. g4 Nd4 20. Nxd4 cxd4 21. Qxd4 Nd7 22. Qe3 Nc5 23. Be2 Qa5 24. Rb2 e6 25. Rf3 exd5 26. cxd5 Na4 27. Rd2 Rc5 28. e6 Rxd5 29. exf7+ Kh8 30. Bh6 Rxd2 31. Qxd2 Qc5+ 32. Kg2 Bxh6 33. Qxh6 Qe7 34. Bc4 Nb6 35. Be6 Na8 36. Qf4 1-0

[Event "POL-chT 1st League"]
[Site "Darlowo"]
[Date "2024.09.19"]
[Round "6.36"]
[White "Barchuk, Irina"]
[Black "Orlik, Sandra"]
[Result "1-0"]
[WhiteElo "2107"]
[BlackElo "1917"]
[PlyCount "119"]
[EventDate "2024.09.14"]
[EventType "team-swiss"]
[EventRounds "9"]
[EventCountry "POL"]
[SourceTitle "EXT 2025"]
[Source "ChessBase"]
[SourceDate "2024.10.14"]
[SourceVersion "1"]
[SourceVersionDate "2024.10.14"]
[SourceQuality "1"]

1. e4 c5 2. Nf3 e6 3. d4 cxd4 4. Nxd4 a6 5. Bd3 Bc5 6. Nb3 Ba7 7. Qe2 d6 8. Be3 Bxe3 9. Qxe3 Nd7 10. Qg3 Qf6 11. Nc3 Qg6 12. Qxd6 Qxg2 13. 0-0-0 Qxf2 14. Nb5 axb5 15. Bxb5 Ngf6 16. Nc5 Rxa2 17. Kb1 Ra5 18. Bxd7+ Nxd7 19. Nxd7 Ra6 20. Qd3 Qh4 21. Qb5 Rc6 22. Nb8 Qxe4 23. Nxc6 Qxc6 24. Qxc6+ bxc6 25. Rd6 0-0 26. Rhd1 f5 27. Rd8 Ba6 28. b3 Be2 29. Rxf8+ Kxf8 30. Re1 Bf3 31. Rxe6 Kf7 32. Rd6 Ke7 33. Rd4 g5 34. Kc1 Ke6 35. Kd2 Ke5 36. Rd7 h5 37. Ke3 Bg2 38. Re7+ Kf6 39. Rh7 h4 40. c4 f4+ 41. Kf2 Be4 42. Rh6+ Ke5 43. b4 Kd4 44. Rh5 Kxc4 45. Rxg5 Kxb4 46. Rg4 Kc3 47. Rxf4 Kd3 48. Rxh4 c5 49. Rh8 Kd4 50. Rd8+ Ke5 51. Rc8 Kd4 52. Rd8+ Ke5 53. Ke3 Bg6 54. Rc8 Kd5 55. h4 c4 56. Rc7 Bd3 57. h5 Kd6 58. Ra7 Kc5 59. h6 Kb4 60. h7 1-0

[Event "POL-chT 1st League"]
[Site "Darlowo"]
[Date "2024.09.14"]
[Round "1.6"]
[White "Barchuk, Irina"]
[Black "Kubicka, Anna"]
[Result "1-0"]
[WhiteElo "2107"]
[BlackElo "2259"]
[PlyCount "85"]
[EventDate "2024.09.14"]
[EventType "team-swiss"]
[EventRounds "9"]
[EventCountry "POL"]
[SourceTitle "EXT 2025"]
[Source "ChessBase"]
[SourceDate "2024.10.14"]
[SourceVersion "1"]
[SourceVersionDate "2024.10.14"]
[SourceQuality "1"]

1. d4 Nf6 2. c4 e6 3. Nc3 Bb4 4. a3 Bxc3+ 5. bxc3 0-0 6. f3 d5 7. cxd5 exd5 8. e3 c5 9. Bd3 b6 10. Ne2 Ba6 11. 0-0 Bxd3 12. Qxd3 Re8 13. Ng3 Nc6 14. Bb2 Rc8 15. Rae1 Qd7 16. e4 cxd4 17. cxd4 dxe4 18. fxe4 Ne5 19. Qe2 Nc4 20. Rxf6 Nxb2 21. Nf5 Qd8 22. Rd6 Qc7 23. Qg4 g6 24. Rd7 Qc3 25. Rf1 Qd2 26. Ne7+ Rxe7 27. Rxe7 Qxd4+ 28. Kh1 Rf8 29. Qf3 Qc4 30. h4 h5 31. Qf6 Nd3 32. e5 Nc5 33. Qf4 Qxf4 34. Rxf4 a5 35. Rf6 b5 36. Rc6 Ne6 37. Rb6 b4 38. axb4 axb4 39. Rxb4 Rd8 40. Rbb7 Rd1+ 41. Kh2 Rf1 42. Re8+ Kh7 43. Rxe6 1-0

[Event "POL-ch sf (Women)"]
[Site "Karpacz"]
[Date "2023.12.04"]
[Round "1"]
[White "Barchuk, Irina"]
[Black "Ejsymont, Blanka"]
[Result "1-0"]
[WhiteElo "2107"]
[BlackElo "1634"]
[PlyCount "59"]
[EventDate "2023.12.04"]
[EventType "swiss"]
[EventRounds "9"]
[EventCountry "POL"]
[SourceTitle "CBM 217 Extra"]
[Source "ChessBase"]
[SourceDate "2024.01.31"]
[SourceVersion "1"]
[SourceVersionDate "2024.01.31"]
[SourceQuality "1"]

1. d4 Nf6 2. Bf4 d5 3. e3 c5 4. Nf3 Nc6 5. Nbd2 Bf5 6. dxc5 Qa5 7. Nd4 Nxd4 8. exd4 Qb4 9. Be5 Nd7 10. Bd3 Nxe5 11. dxe5 Qxb2 12. 0-0 Bxd3 13. cxd3 Qxe5 14. Qa4+ Kd8 15. Rab1 Qc7 16. Rb3 Qc6 17. Qa5+ Kc8 18. Rfb1 Rb8 19. Qxa7 e5 20. Rb6 Qc7 21. R6b5 h5 22. Qa4 Be7 23. Nb3 Rh6 24. Na5 Ra6 25. Rxb7 Rxb7 26. Rxb7 Qd8 27. Qb5 Bd6 28. Qxa6 Bc7 29. Rxc7+ Kxc7 30. Qb7# 1-0

[Event "POL-chT 1st League"]
[Site "Leba"]
[Date "2023.09.26"]
[Round "4.3"]
[White "Kulon, Klaudia"]
[Black "Barchuk, Irina"]
[Result "1-0"]
[WhiteElo "2319"]
[BlackElo "2087"]
[PlyCount "85"]
[EventDate "2023.09.23"]
[EventType "team-swiss"]
[EventRounds "9"]
[EventCountry "POL"]
[SourceTitle "CBM 216 Extra"]
[Source "ChessBase"]
[SourceDate "2023.11.30"]
[SourceVersion "1"]
[SourceVersionDate "2023.11.30"]
[SourceQuality "1"]
[WhiteTeam "Wrzos Miedzyborow"]
[BlackTeam "Chylice Laura"]
[WhiteTeamCountry "POL"]
[BlackTeamCountry "POL"]

1. d4 Nf6 2. Bg5 Ne4 3. h4 d5 4. Nd2 Bf5 5. Nxe4 Bxe4 6. f3 h6 7. Bf4 Bh7 8. e3 e6 9. Bd3 Bxd3 10. Qxd3 c5 11. 0-0-0 Nc6 12. Qb5 Qb6 13. a4 cxd4 14. exd4 Qxb5 15. axb5 Na5 16. b3 Ba3+ 17. Kd2 Kd7 18. Ra1 Bb4+ 19. Kd3 Rhc8 20. Ne2 b6 21. Ra4 Bd6 22. Bd2 Nb7 23. Rha1 Bb8 24. Ra6 Nd6 25. Nc3 Kc7 26. Na4 Kb7 27. Nxb6 axb6 28. Rxa8 Nxb5 29. R8a4 f6 30. c4 dxc4+ 31. bxc4 Nd6 32. Bf4 Nxc4 33. Rxc4 Rxc4 34. Bxb8 Rb4 35. Bf4 e5 36. Be3 Rb3+ 37. Ke2 Rb2+ 38. Bd2 g5 39. dxe5 fxe5 40. h5 b5 41. Kd3 b4 42. Re1 g4 43. Rxe5 1-0

[Event "POL-chT 1st League"]
[Site "Leba"]
[Date "2023.09.25"]
[Round "3.6"]
[White "Kroliczek, Gabriela"]
[Black "Barchuk, Irina"]
[Result "0-1"]
[WhiteElo "1956"]
[BlackElo "2087"]
[PlyCount "76"]
[EventDate "2023.09.23"]
[EventType "team-swiss"]
[EventRounds "9"]
[EventCountry "POL"]
[SourceTitle "CBM 216 Extra"]
[Source "ChessBase"]
[SourceDate "2023.11.30"]
[SourceVersion "1"]
[SourceVersionDate "2023.11.30"]
[SourceQuality "1"]
[WhiteTeam "Rybnik"]
[BlackTeam "Chylice Laura"]
[WhiteTeamCountry "POL"]
[BlackTeamCountry "POL"]

1. d4 Nf6 2. c4 e6 3. Nc3 Bb4 4. Qc2 0-0 5. Nf3 d5 6. e3 c5 7. a3 cxd4 8. axb4 dxc3 9. bxc3 Qc7 10. Qb3 Nbd7 11. Bb2 Ne5 12. Nxe5 Qxe5 13. cxd5 exd5 14. Be2 Bg4 15. Qd1 Bxe2 16. Qxe2 Rfc8 17. 0-0 Rc4 18. Ra5 Qc7 19. Rd1 a6 20. Rda1 Re8 21. Qf3 h6 22. h3 Re6 23. Qf5 g6 24. Qd3 g5 25. b5 Rc5 26. R1a4 Rb6 27. Rb4 Kg7 28. Rb3 Rc4 29. Rb4 Re6 30. Ra2 a5 31. Rxc4 dxc4 32. Qd4 Rd6 33. b6 Qb8 34. Rxa5 Rxd4 35. cxd4 Qd6 36. d5 Qxb6 37. Bc3 Kg6 38. f3 Qxe3+ 0-1

[Event "Titled Tuesday intern op 29th Aug Early"]
[Site "Chess.com INT"]
[Date "2023.08.29"]
[Round "8"]
[White "Barchuk, Irina"]
[Black "Balla, Tamas Kristof"]
[Result "1/2-1/2"]
[WhiteElo "2049"]
[BlackElo "2303"]
[PlyCount "152"]
[EventDate "2023.08.29"]
[EventType "swiss (blitz)"]
[EventRounds "11"]
[EventCountry "USA"]
[SourceTitle "EXT 2024"]
[Source "ChessBase"]
[SourceDate "2023.10.10"]
[SourceVersion "1"]
[SourceVersionDate "2023.10.10"]
[SourceQuality "1"]

1. e4 c5 2. Nf3 Nc6 3. d4 cxd4 4. Nxd4 e5 5. Nb5 d6 6. N1c3 a6 7. Na3 b5 8. Nd5 Nge7 9. c4 Nxd5 10. cxd5 Nd4 11. Bd3 g6 12. 0-0 Bg7 13. Nc2 0-0 14. Nxd4 exd4 15. Bf4 f5 16. Qd2 fxe4 17. Bxe4 Bf5 18. Bf3 Be5 19. Rfe1 Qf6 20. Bg3 Rac8 21. Rac1 Rc4 22. b3 Rc3 23. Bxe5 dxe5 24. Rxc3 dxc3 25. Qxc3 Bg4 26. Qxe5 Bxf3 27. Qxf6 Rxf6 28. gxf3 Rxf3 29. Re3 Rf5 30. Rd3 Kf7 31. d6 Ke8 32. d7+ Kd8 33. Rd6 a5 34. Kg2 a4 35. bxa4 bxa4 36. Kg3 Rb5 37. Rd4 Rb2 38. Rxa4 Kxd7 39. Ra7+ Ke6 40. a4 Ra2 41. f4 Kf5 42. Ra5+ Ke4 43. h3 h5 44. Re5+ Kd3 45. Rg5 Rxa4 46. Rxg6 Ke3 47. Re6+ Kd4 48. Re5 Ra3+ 49. Kh4 Rf3 50. Kxh5 Rxf4 51. Re8 Rf1 52. h4 Rg1 53. Kh6 Kd5 54. h5 Kd6 55. Kh7 Kd7 56. Re2 Rg3 57. h6 Rg1 58. Kh8 Kd6 59. h7 Kd7 60. Re3 Rg2 61. Ra3 Ke6 62. Ra6+ Kf7 63. Ra7+ Kf8 64. Ra8+ Kf7 65. Rg8 Rh2 66. Rg3 Rc2 67. Rf3+ Kg6 68. Rf8 Rc7 69. Rg8+ Kh6 70. Rg1 Rxh7+ 71. Kg8 Ra7 72. Kf8 Ra8+ 73. Ke7 Ra7+ 74. Kd6 Ra6+ 75. Ke5 Rg6 76. Rxg6+ Kxg6 1/2-1/2

[Event "Titled Tuesday intern op 29th Aug Early"]
[Site "Chess.com INT"]
[Date "2023.08.29"]
[Round "7"]
[White "Carroll, Thomas"]
[Black "Barchuk, Irina"]
[Result "0-1"]
[WhiteElo "2048"]
[BlackElo "2049"]
[PlyCount "98"]
[EventDate "2023.08.29"]
[EventType "swiss (blitz)"]
[EventRounds "11"]
[EventCountry "USA"]
[SourceTitle "EXT 2024"]
[Source "ChessBase"]
[SourceDate "2023.10.10"]
[SourceVersion "1"]
[SourceVersionDate "2023.10.10"]
[SourceQuality "1"]

1. c4 e5 2. Nc3 g6 3. g3 Bg7 4. Bg2 d6 5. e4 Nc6 6. Nge2 f5 7. d3 Nf6 8. Nd5 h6 9. 0-0 0-0 10. Nec3 Ne7 11. Nxe7+ Qxe7 12. Nd5 Nxd5 13. cxd5 f4 14. d4 fxg3 15. hxg3 exd4 16. b3 c5 17. dxc6 bxc6 18. e5 Bb7 19. exd6 Qxd6 20. a4 Rf7 21. Ba3 c5 22. Rc1 Bxg2 23. Kxg2 Rc8 24. Qg4 Rfc7 25. Rfe1 Qd5+ 26. Kg1 Qxb3 27. Qxg6 Qxa3 28. Re8+ Rxe8 29. Qxe8+ Kh7 30. Qe4+ Kg8 31. Qa8+ Bf8 32. Re1 Qb3 33. Re4 Rg7 34. Re8 Qf7 35. Qe4 Qd7 36. Re5 d3 37. Rd5 Qb7 38. Qxd3 Qc7 39. Qc4 Kh8 40. a5 Rg5 41. Rd3 Qe5 42. Rf3 Qe1+ 43. Kg2 Bg7 44. Qf7 Qe4 45. Qd7 c4 46. Qc8+ Kh7 47. Qc7 c3 48. a6 Rf5 49. Qc6 Qxc6 0-1

[Event "Titled Tuesday intern op 29th Aug Early"]
[Site "Chess.com INT"]
[Date "2023.08.29"]
[Round "10"]
[White "Khalikov, Bulat"]
[Black "Barchuk, Irina"]
[Result "1-0"]
[WhiteElo "2171"]
[BlackElo "2049"]
[PlyCount "51"]
[EventDate "2023.08.29"]
[EventType "swiss (blitz)"]
[EventRounds "11"]
[EventCountry "USA"]
[SourceTitle "EXT 2024"]
[Source "ChessBase"]
[SourceDate "2023.10.10"]
[SourceVersion "1"]
[SourceVersionDate "2023.10.10"]
[SourceQuality "1"]

1. e4 c5 2. Nf3 Nc6 3. d4 cxd4 4. Nxd4 g6 5. Nc3 Bg7 6. Be3 Nf6 7. Bc4 0-0 8. Bb3 d6 9. f3 Bd7 10. Qd2 Rc8 11. 0-0-0 Ne5 12. Kb1 Nc4 13. Bxc4 Rxc4 14. g4 Qa5 15. Nb3 Qa6 16. e5 Ne8 17. Bh6 Bxe5 18. Nd5 Bg7 19. Nxe7+ Kh8 20. h4 f5 21. h5 fxg4 22. hxg6 Bf5 23. Bxg7+ Kxg7 24. Rxh7+ Kf6 25. Nd5+ Kxg6 26. Qh6# 1-0

[Event "Polanica Zdroj op 59th"]
[Site "Polanica Zdroj"]
[Date "2023.08.25"]
[Round "7"]
[White "Siekanska, Maria"]
[Black "Barchuk, Irina"]
[Result "0-1"]
[WhiteElo "2000"]
[BlackElo "2049"]
[PlyCount "86"]
[EventDate "2023.08.19"]
[EventType "swiss"]
[EventRounds "9"]
[EventCountry "POL"]
[SourceTitle "CBM 215 Extra"]
[Source "ChessBase"]
[SourceDate "2023.09.30"]
[SourceVersion "1"]
[SourceVersionDate "2023.09.30"]
[SourceQuality "1"]

1. d4 Nf6 2. c4 e6 3. g3 d5 4. Bg2 Be7 5. Nf3 0-0 6. 0-0 dxc4 7. Qc2 a6 8. a4 Bd7 9. Qxc4 Bc6 10. Bf4 Nbd7 11. Qc2 Nd5 12. e4 Nxf4 13. gxf4 f5 14. d5 exd5 15. e5 Nc5 16. Nd4 Qd7 17. Nc3 a5 18. Rfd1 Ra6 19. b3 Ne4 20. Nxe4 fxe4 21. f5 Bg5 22. Qe2 Rb6 23. Qg4 Bh6 24. Ne6 Re8 25. Qg3 Qe7 26. Bh3 Kh8 27. Rd4 Rb4 28. Rad1 Rxd4 29. Rxd4 b6 30. Kh1 Bb7 31. f6 gxf6 32. Rd1 Rg8 33. Qh4 Bg5 34. Nxg5 Rxg5 35. exf6 Qxf6 36. Bg2 Qg6 37. Rg1 d4 38. Qf4 Qg7 39. h3 h6 40. Qd2 c5 41. Qf4 Bd5 42. Qb8+ Kh7 43. Qe8 Rxg2 0-1

[Event "Polanica Zdroj op 59th"]
[Site "Polanica Zdroj"]
[Date "2023.08.24"]
[Round "6"]
[White "Barchuk, Irina"]
[Black "Rekuc, Patryk"]
[Result "0-1"]
[WhiteElo "2049"]
[BlackElo "1963"]
[PlyCount "126"]
[EventDate "2023.08.19"]
[EventType "swiss"]
[EventRounds "9"]
[EventCountry "POL"]
[SourceTitle "CBM 215 Extra"]
[Source "ChessBase"]
[SourceDate "2023.09.30"]
[SourceVersion "1"]
[SourceVersionDate "2023.09.30"]
[SourceQuality "1"]

1. e4 c5 2. Nc3 d6 3. d3 g6 4. Be3 Bg7 5. Qd2 Nc6 6. g3 b5 7. Bg2 b4 8. Nd1 Rb8 9. Ne2 a5 10. 0-0 h5 11. h3 e6 12. f4 Nge7 13. c3 Qb6 14. Rc1 Ba6 15. Nf2 a4 16. g4 hxg4 17. Nxg4 f5 18. Nh2 Qa5 19. Nf3 Bf6 20. e5 dxe5 21. fxe5 Nxe5 22. Bf4 Nxf3+ 23. Rxf3 Rd8 24. Bg5 Bxg5 25. Qxg5 Kf7 26. Nf4 Rd6 27. Re3 Bc8 28. c4 Qd8 29. Rce1 Rg8 30. h4 Nc6 31. Qh6 Qf6 32. h5 Ne7 33. hxg6+ Nxg6 34. Kf1 Nxf4 35. Qxf4 Rd4 36. Qc7+ Qe7 37. Qh2 Rdg4 38. Qh5+ Kf8 39. Bf3 R4g5 40. Qh2 Bd7 41. Kf2 Rg3 42. Qh6+ Qg7 43. Qxg7+ R8xg7 44. Re5 Rh3 45. R1e2 f4 46. Rxc5 Rgg3 47. Bc6 Bxc6 48. Rxc6 f3 49. Rexe6 Rg2+ 50. Ke3 f2+ 51. Ke2 f1Q+ 52. Kxf1 Rxb2 53. Rf6+ Kg7 54. Rf2 Rh1+ 55. Kg2 Rh2+ 56. Kxh2 Rxf2+ 57. Kg3 Rxa2 58. Rb6 b3 59. c5 Rc2 60. c6 b2 61. c7 a3 62. Rb7 Kf6 63. Kf4 Rxc7 0-1

[Event "Polanica Zdroj op 59th"]
[Site "Polanica Zdroj"]
[Date "2023.08.21"]
[Round "3"]
[White "Barwinska, Ewa"]
[Black "Barchuk, Irina"]
[Result "1/2-1/2"]
[WhiteElo "1996"]
[BlackElo "2049"]
[PlyCount "105"]
[EventDate "2023.08.19"]
[EventType "swiss"]
[EventRounds "9"]
[EventCountry "POL"]
[SourceTitle "CBM 215 Extra"]
[Source "ChessBase"]
[SourceDate "2023.09.30"]
[SourceVersion "1"]
[SourceVersionDate "2023.09.30"]
[SourceQuality "1"]

1. e4 c6 2. d4 d5 3. Nc3 dxe4 4. Nxe4 Nf6 5. Nxf6+ exf6 6. c3 Bd6 7. Bd3 Na6 8. Bxa6 bxa6 9. Ne2 0-0 10. 0-0 Re8 11. Be3 Qc7 12. h3 Kh8 13. c4 g5 14. Nc3 Qe7 15. Re1 Bc7 16. Bd2 Be6 17. Qf3 Kg7 18. Ne4 Kg6 19. Rac1 Qd8 20. b3 h6 21. Bc3 f5 22. Ng3 Bxg3 23. fxg3 Qd6 24. Re5 f6 25. Re2 a5 26. Rce1 h5 27. Qd3 a4 28. g4 hxg4 29. hxg4 Bd7 30. Rxe8 Rxe8 31. Rxe8 Bxe8 32. gxf5+ Kg7 33. Qe4 Bf7 34. Kf2 axb3 35. axb3 Qb8 36. b4 Bxc4 37. Qxc6 Qf4+ 38. Qf3 Qd6 39. g3 Qa6 40. Qe3 Qa2+ 41. Bd2 Qc2 42. g4 Qd1 43. Qe7+ Bf7 44. Qe2 Qh1 45. Qf3 Qh2+ 46. Qg2 Qd6 47. Bc3 Bd5 48. Qg3 Qe7 49. Qe3 Qc7 50. Qg3 Qd7 51. Qe3 Qb7 52. Qe8 Bf7 53. Qe3 1/2-1/2